Europe beyond 2000 : the enlargement of the European Union towards the East /

Bibliographic Details
Other Authors: Nicoll, William, Schoenberg, Richard
Format: Book
Language:English
Published: London : Whurr Publishers, 1998.
Subjects:
Online Access:Table of contents

MARC

Tag First Indicator Second Indicator Subfields
LEADER 00000cam a2200000 a 4500
001 in00001471421
005 20151021052842.0
008 980714s1998 enk b 001 0 eng d
010 |a  98178651  
020 |a 1861560648 
035 |a (OCoLC)39483462 
035 |9 AJE5646AM 
040 |a DJBF  |c DLC  |d TXA  |d UtOrBLW 
042 |a lccopycat 
043 |a e------  |a ee-----  |a ec----- 
049 |a TXAM 
050 0 0 |a HC240.25.E852  |b E97 1998 
245 0 0 |a Europe beyond 2000 :  |b the enlargement of the European Union towards the East /  |c edited by Sir William Nicoll, Richard Schoenberg. 
246 3 0 |a Enlargement of the European Union towards the East 
264 1 |a London :  |b Whurr Publishers,  |c 1998. 
300 |a xii, 355 pages :  |b illustrations ;  |c 23 cm. 
336 |a text  |b txt  |2 rdacontent 
337 |a unmediated  |b n  |2 rdamedia 
338 |a volume  |b nc  |2 rdacarrier 
500 |a "A publication of the European Business Journal." 
504 |a Includes bibliographical references and index. 
610 0 |a European Union  |z Europe, Eastern. 
610 0 |a European Union  |z Europe, Central. 
650 0 |a Economic forecasting  |z European Union countries. 
651 0 |a Europe  |x Economic integration. 
700 1 |a Nicoll, William. 
700 1 |a Schoenberg, Richard. 
856 7 |3 Table of contents  |u http://lcweb.loc.gov/catdir/toc/98-178651.html  |2 http  |t 0 
948 |a c:cer  |d 20040215 
999 |a MARS 
999 f f |s 5ca0bfd8-83b7-35a5-ac43-1e7dcd477af6  |i 0786657c-1e5a-3bdc-8e12-6b8f0dda382e  |t 0 
952 f f |p ric  |a Texas A&M University  |b Rellis Campus  |c Joint Library Facility  |s JLF  |d Remote Storage  |t 0  |e HC240.25.E852 E97 1998  |h Library of Congress classification  |i unmediated -- volume  |m A14824056347 
998 f f |a HC240.25.E852 E97 1998  |t 0  |l Remote Storage